Normal view MARC view

Entry Topical Term

Number of records used in: 1

001 - CONTROL NUMBER

  • control field: 2798

003 - CONTROL NUMBER IDENTIFIER

  • control field: HDC

005 - DATE AND TIME OF LATEST TRANSACTION

  • control field: 20230624073134.0

008 - FIXED-LENGTH DATA ELEMENTS

  • fixed length control field: 210109|| aca||aabn | a|a d

040 ## - CATALOGING SOURCE

  • Original cataloging agency: HDC
  • Transcribing agency: HDC

150 ## - HEADING--TOPICAL TERM

  • Topical term or geographic name entry element: Halal restaurants
  • General subdivision: Islam
  • Geographic subdivision: Malaysia

670 ## - SOURCE DATA FOUND

  • Source citation: Work cat.: (HDC): Tawfik Salah Mohammed Ben Bisher AL-Nahdi author 2797, NTENTION TO PATRONAGE HALAL RESTAURANTS AMONG MALAYSIAN MUSLIMS AN ISSUE OF HALAL PERCEPTION, 2008
Halal Development Corporation Berhad (HDC)
5.02 Level 5, KPMG Tower, First Avenue, Persiaran Bandar Utama, 47800 Petaling Jaya, Selangor Darul Ehsan
Phone: +603 7965 5489 Email: [email protected]